All foreign players RKC Waalwijk - Statistics

General Stats
  • This quiz has been taken 7 times
  • The average score is 38 of 156
Answer Stats
Hint Answer % Correct
Chris Lokesa
80%
Juriën Gaari
80%
Thierry Lutonda
80%
Ahmed Touba
60%
Filip Stevanović
60%
Godfried Roemeratoe
60%
Saïd Bakari
60%
Yassin Oukili
60%
Cyril Ngonge
40%
Daouda Weidmann
40%
Dario Van Den Buijs
40%
Dustley Mulder
40%
Ilias Takidine
40%
Jan Vertonghen
40%
Kevin Felida
40%
Kostas Lamprou
40%
Lennerd Daneels
40%
Maarten Martens
40%
Raz Meir
40%
Shawn Adewoye
40%
Vurnon Anita
40%
Zakaria Bakkali
40%
Alexandre Di Gregorio
20%
Alvin Fortes
20%
Anas Tahiri
20%
Anders Nielsen
20%
Anthony Fabri
20%
Anthony Obodai
20%
Anton Jongsma
20%
Augustus Dumbar
20%
Aurélien Joachim
20%
Ayman Azhil
20%
Benjamin De Ceulaer
20%
Bernardo Vasconcelos
20%
Birger Jensen
20%
Cela
20%
Chakib Zbayri
20%
Charles Chiemiezie
20%
Charlison Benschop
20%
Chidi N'Wanu
20%
Chovanie Amatkarijo
20%
Chris N'Tangu
20%
Cuco Martina
20%
Danny Muller
20%
Darije Kalezić
20%
David Nascimento
20%
David Triantafillidis
20%
Dejan Govedarica
20%
Dennis Lemke
20%
Dennis Purperhart
20%
Dennis Rommedahl
20%
Denzel Slager
20%
Derwin Martina
20%
Dino Peljto
20%
Dirk Goossens
20%
Dwayne Green
20%
Dylan Hughes
20%
Dylan Seys
20%
Emil Hansson
20%
Erwin Lemmens
20%
Ezra Walian
20%
Fabian Sporkslede
20%
Ferdi Elmas
20%
Florian Jozefzoon
20%
Furkan Alakmak
20%
Gábor Torma
20%
Garry De Graef
20%
Gérard Lifondja
20%
Gianluca Maria
20%
Gigli Ndefe
20%
Giovanni Franken
20%
Guy Ramos
20%
Hafid Salhi
20%
Hannes Delcroix
20%
Hans Vonk
20%
Hervé Kage
20%
Hubertson Pauletta
20%
Imad Najah
20%
Irvingly Van Eijma
20%
Issam El Maach
20%
Ivan Vicelich
20%
James Efmorfidis
20%
Jamie Lawrence
20%
Jan Šeda
20%
Jaromír Šimr
20%
Jean-David Beauguel
20%
Jens Odgaard
20%
Jens Teunckens
20%
Jochen Janssen
20%
Joel Pereira
20%
Jóhannes Guðjónsson
20%
Jonas Ivens
20%
Jonathan Kindermans
20%
Jordan Remacle
20%
Jordi Marela
20%
Josemar Makiavala
20%
Julen Lobete
20%
Karim Bridji
20%
Karim Fachtali
20%
Kemy Agustien
20%
Kenny Van Hoevelen
20%
Khalid Sinouh
20%
Koen Van Der Heyden
20%
Kris Ottoy
20%
Krisztián Németh
20%
Leo Van Der Elst
20%
Luwamo Garcia
20%
Maarten Schops
20%
Marvin Ogunjimi
20%
Michael Krohn-Dehli
20%
Mickaël Tavares
20%
Mika Biereth
20%
Milano Koenders
20%
Miodrag Božović
20%
Mohamed Mezghrani
20%
Moussa Sanoh
20%
Nando Nöstlinger
20%
Nenad Cerovic
20%
Nicklas Svendsen
20%
Nico Olsak
20%
Nourdin Boukhari
20%
Ohad Levita
20%
Okan Özçelik
20%
Ozan Kökçü
20%
Patrick Vervoort
20%
Phil Starbuck
20%
Pius Ikedia
20%
Prince Gouano
20%
Radoslav Samardžić
20%
Ray Richardson
20%
Rémy Amieux
20%
Richard Barroilhet
20%
Rigino Cicilia
20%
Ronny Van Geneugden
20%
Roy Rudonja
20%
Ryan Donk
20%
Saïd Boutahar
20%
Savvan Exouzidis
20%
Sebbe Augustijns
20%
Shkodran Metaj
20%
Stefan Velkov
20%
Stephan Keller
20%
Tamati Williams
20%
Tarik Sektioui
20%
Teddy Chevalier
20%
Thomas Vermaelen
20%
Tim Aelbrecht
20%
Tom Cappan
20%
Toni Varela
20%
Virgilio Teixeira
20%
Vitalie Damaşcan
20%
Yaël Eisden
20%
Yuriy Nikiforov
20%
Yuriy Petrov
20%
Željko Petrović
20%
Zlatko Arambašić
20%
No matching quizzes found
Score Distribution
Percent of People with Each Score
Percentile by Number Answered
Your Score History
You have not taken this quiz